000 01504nam a2200337Ia 4500
005 20220317001445.0
008 161108s2016 sp a g 000 f s
020 _a9788495311245
100 1 _aSwift, Jonathan
_d1667-1745
245 1 0 _aViajes de Gulliver
_cJonathan Swifth
250 _a2a. edición
300 _a347 páginas
_bilustraciones en blanco y negro
_c19 cm
490 _aEl barco de papel
505 _aViaje a Liliput -- Viaje a Brodbingnag -- Viaje a Laputa, Balnibarbi, Glubbdubdrib, Luggnagg y Japón -- Viaje al país de los houyhnhnms -- Carta al Capitán Gulliver a su compadre Sympson
534 _bTravels into several remote nations of the world
650 1 4 _2LEMB
_aNovela inglesa
_ySiglo XVII
650 1 4 _2LEMB
_aLiteratura juvenil inglesa
_ySiglo XVII
650 1 4 _2LEMB
_aGigantes en la literatura
650 1 4 _2LEMB
_aConducta humana en la literatura
650 1 4 _2LEMB
_aPolítica en la literatura
650 1 4 _2LEMB
_aNovela Fantástica en la literatura
700 1 _aFernández Kent, Walter
_973469
740 _aViaje a Liliput \\ Viaje a Brodbingnag \\ Viaje a Laputa, Balnibarbi, Glubbdubdrib, Luggnagg y Japón \\ Viaje al país de los houyhnhnms \\ Carta al Capitán Gulliver a su compadre Sympson
942 _2loc
_cBKLIT
264 _aMadrid
_bJorge A. Mestas
_c[2016]
336 _atexto
_btxt
_2rdacontent
337 _asin mediación
_bn
_2rdamedia
338 _avolumen
_bnc
_2rdacarrier
040 _aCO-BoRNBP
_bspa
_erda
_cCO-BoRNBP
084 _aN SWI1
999 _c7038
_d7038